Normal view
MARC view
Entry Personal Name
001 - CONTROL NUMBER
- control field: 24019
003 - CONTROL NUMBER IDENTIFIER
- control field: ARRUPE
005 - DATE AND TIME OF LATEST TRANSACTION
- control field: 20160421124205.0
008 - FIXED-LENGTH DATA ELEMENTS
- fixed length control field: 160421|| aca||aabn | a|a d
040 ## - CATALOGING SOURCE
- Original cataloging agency: ARRUPE
- Transcribing agency: ARRUPE
100 ## - HEADING--PERSONAL NAME
- Personal name: Falola, Toyin.
670 ## - SOURCE DATA FOUND
- Source citation: Work cat.: (ARRUPE)0: Salm, Steven J., 1966- 24016, Culture and customs of Ghana /, 2002.